Welcome to the Holygrace Academy Library

Please use search bar below to get started

THE PRINCESS OF WALES (Record no. 6341)

MARC details
000 -LEADER
fixed length control field 00282nam a22001337a 4500
020 ## - INTERNATIONAL STANDARD BOOK NUMBER
ISBN 0-7214-0740-4
082 ## - DEWEY DECIMAL CLASSIFICATION NUMBER
Classification number 920
Item number LEW/P
100 ## - MAIN ENTRY--AUTHOR NAME
Personal name LEWIS, BRENDA RALPH
245 ## - TITLE STATEMENT
Title THE PRINCESS OF WALES
260 ## - PUBLICATION, DISTRIBUTION, ETC. (IMPRINT)
Place of publication UK
Name of publisher LADY BIRD
300 ## - PHYSICAL DESCRIPTION
Number of Pages 51
650 ## - SUBJECT ADDED ENTRY--TOPICAL TERM
Topical Term BIOGRAPHY
Geographic subdivision UK
942 ## - ADDED ENTRY ELEMENTS (KOHA)
Koha item type Books
Holdings
Withdrawn status Lost status Collection code Home library Current library Shelving location Date acquired Source of acquisition Full call number Accession Number Koha item type
    Reference Main Library Main Library SHELF-17-L-BIOGRAPHIES & AUTOBIOGRAPHIES 24/05/2014 PURCHASE 920 LEW/P 06920 Books